Số đỏ : Tác phẩm và dư luận
Sách giới thiệu trọn vẹn tác phẩm "Số đỏ" và những bài phê bình, bình luận về tác phẩm.
محفوظ في:
| التنسيق: | كتاب |
|---|---|
| اللغة: | Undetermined |
| منشور في: |
Hà Nội
Văn học
2008
|
| الموضوعات: | |
| الوسوم: |
إضافة وسم
لا توجد وسوم, كن أول من يضع وسما على هذه التسجيلة!
|
| Thư viện lưu trữ: | Trung tâm Học liệu Trường Đại học Cần Thơ |
|---|
| LEADER | 00697nam a2200205Ia 4500 | ||
|---|---|---|---|
| 001 | CTU_136490 | ||
| 008 | 210402s9999 xx 000 0 und d | ||
| 020 | |c 45000 | ||
| 082 | |a 895.9223009 | ||
| 082 | |b S450 | ||
| 245 | 0 | |a Số đỏ : | |
| 245 | 0 | |b Tác phẩm và dư luận | |
| 260 | |a Hà Nội | ||
| 260 | |b Văn học | ||
| 260 | |c 2008 | ||
| 520 | |a Sách giới thiệu trọn vẹn tác phẩm "Số đỏ" và những bài phê bình, bình luận về tác phẩm. | ||
| 650 | |a Vietnamese fiction,Tiểu thuyết | ||
| 650 | |x History and criticism | ||
| 904 | |i Trọng Hải | ||
| 980 | |a Trung tâm Học liệu Trường Đại học Cần Thơ | ||